LEADER 01334nam a2200289 i 4500 001 991001264419707536 008 051018s2004 riua b 101 0 eng d 020 $a0821831577 035 $ab13346040-39ule_inst 040 $aDip.to Matematica$beng 082 0 $a514.74$221 084 $aAMS 37-06 084 $aLC QA614.85.A44 245 00$aSymbolic dynamics and its applications :$bAmerican Mathematical Society, Short Course, January 4-5, 2002, San Diego, California /$cSusan G. Wiliams, editor 260 $aProvidence, RI :$bAmerican Mathematical Society,$cc2004 300 $avii, 156 p. :$bill. ;$c26 cm 440 0$aProceedings of symposia in applied mathematics,$x0160-7634 ;$v60.$pAMS short course lecture notes 504 $aIncludes bibliographical references and index 650 0$aSymbolic dynamics$vCongresses 700 1 $aWilliams, Susan G. 710 2 $aAmerican Mathematical Society Short Course on Symbolic Dynamics and its Applications$d<2002 ;$cSan Diego, California> 907 $a.b13346040$b22-11-06$c18-10-05 912 $a991001264419707536 945 $aLE013 37-XX WIL11 (2004)$g1$i2013000291635$lle013$op$pE41.02$q-$rl$s- $t0$u0$v0$w0$x0$y.i1416050x$z29-11-05 996 $aSymbolic Dynamics and its Applications$9376281 997 $aUNISALENTO 998 $ale013$b18-10-05$cm$da $e-$feng$griu$h0$i0 LEADER 01053nas 2200361-a 450 001 996205643403316 005 20231213213019.0 011 $a1930-4501 035 $a(OCoLC)48529887 035 $a(CKB)110994179827004 035 $a(CONSER)--2006213843 035 $a(EXLCZ)99110994179827004 100 $a20011204a19uu9999 s-- a 101 0 $aeng 135 $auran||||||||| 181 $ctxt$2rdacontent 182 $cc$2rdamedia 183 $acr$2rdacarrier 200 10$aCard technology 210 $aNew York, NY $cAmerican Banker-Bond Buyer 311 $a1093-1279 606 $aSmart card industry$vPeriodicals 606 $aSmart cards$xTechnological innovations$vPeriodicals 606 $aSmart card industry$2fast$3(OCoLC)fst01121545 608 $aPeriodicals.$2fast 615 0$aSmart card industry 615 0$aSmart cards$xTechnological innovations 615 7$aSmart card industry. 676 $a332.7/6 906 $aNEWSPAPER 912 $a996205643403316 996 $aCard technology$91974701 997 $aUNISA